LEADER 01468nam0-22004091i-450- 001 990007943560403321 005 20080326101658.0 010 $a88-7802-917-3 035 $a000794356 035 $aFED01000794356 035 $a(Aleph)000794356FED01 035 $a000794356 100 $a20041105d1998----km-y0itay50------ba 101 1 $aita$ceng 102 $aIT 105 $a--------001cy 200 1 $aApprendimento organizzativo$eteoria, metodo e pratiche$fChris Argyris, Donald A. Schön$ga cura di Fulvio Carmagnola e Massimo Tomassini$gpresentazione di Francesco Forlenza$gtraduzione di Massimo Marraffa 205 $a1. ed. 210 $aMilano$cGuerini e Associati$d1998 215 $aLXXXII, 334 p.$ctab.$d23 cm 225 1 $aCompetenze, cultura, riflessioni d'impresa 320 $aContiene riferimenti bibl. (pp. 329-334) e indici 454 0$12001$aOrganizational learning II. Theory, method and practice$952575 610 0 $aOrganizzazione$aGestione$aProcessi innovativi 610 0 $aAziende$aGestione$aProcessi innovativi 676 $a658.4063$v21$zita 700 1$aArgyris,$bChris$f<1923- >$0106833 701 1$aSchön,$bDonald A.$0376044 801 0$aIT$bUNINA$gRICA$2UNIMARC 901 $aBK 912 $a990007943560403321 952 $a658.4063 ARG 1$b2444$fBFS 952 $aQ 158$b4176$fDSS 959 $aBFS 959 $aDSS 996 $aOrganizational learning II. Theory, method and practice$952575 997 $aUNINA LEADER 00893nam0 2200265 450 001 000032658 005 20130419093007.0 100 $a20120418d1952----km-y0itaa50------ba 101 0 $aita 102 $aIT 200 1 $aNarratori antinarratori$fEurialo De Michelis 210 $aFirenze$c<> Nuova Italia$d1952 215 $a320 p.$d20 cm 225 2 $aCollana critica$v56 410 0$12001$aCollana critica$v56 700 1$aDe Michelis,$bEurialo$0156848 801 0$aIT$bUniversitā della Basilicata - B.I.A.$gRICA$2unimarc 912 $a000032658 996 $aNarratori antinarratori$999086 997 $aUNIBAS BAS $aLETTERE CAT $aSTD078$b01$c20120418$lBAS01$h0934 CAT $aTTM$b30$c20130419$lBAS01$h0930 FMT Z30 -1$lBAS01$LBAS01$mBOOK$1BASA1$APolo Storico-Umanistico$2GEN$BCollezione generale$3FP/53445$653445$5L53445$820120418$f02$FPrestabile Generale